Quiz o krajach (Dla geomexa) Bardzo Trudny - Statystyki

Ogólne statystyki
  • Ten quiz został rozwiązany 71 razy
  • Średni wynik to 4 z 14
Statystyki odpowiedzi
Wskazówka Odpowiedź % Poprawnych
Ten kraj ma więcej koni niż ludzi Mongolia
64%
Najbardziej odizolowane miasto na świecie nosi nazwe Perth. W jakim kraju się znajduje Australia
52%
W tym kraju ludzie mówią w 750 językach, najczęściej używanym jest Motu Papua-nowa-gwinea
44%
Najbiedniejsze państwo na świecie Burundi
41%
Kraj ten składa się z 992 wysp, największe miasto to Honiara Wyspy salomona
36%
W tym kraju wynaleziono bombe wodorową Polska
34%
Językiem urzędowym w tym państwie jest dzongkha Bhutan
26%
W tym kraju odbyły się letnie igrzyska olimpijskie w 1928r.(W Europie) Holandia
23%
Jakie jest 8 najmniejsze państwo świata Saint kitts i nevis
21%
Najdłuższą rzeką jest Waikato (434km) Nowa zelandia
8%
Był przez 5 dni uznawanym krajem na arenie międzynarodowej(Obecnie nie jest) Somaliland
8%
W tym państwie za noc w 5 gwiazdkowym hotelu zapłacimy średnio 493 zł (W Azji) Sri lanka
7%
Z jakiego kraju startuje najkrótszy lot samolotem pomiędzy dwoma kontynentami(Trwa on 20minut) Gibraltar
3%
Jest to ,,Państwo" nieuznawane stworzone przez hipisów znajduje się na terenie Dani. Władze duńskie nadały jej mieszkańcom legalny status niezależnej społeczności Christiana
2%
Nie znaleziono quizów pasujących do podanych kryteriów
Rozkład punktacji
Procent ludzi z każdym wynikiem
Percentyl według liczby udzielonych odpowiedzi
Twoja historia wyników
Nie rozwiązałeś tego quizu